000 00784nam a2200265 a 4500
999 _c47697
_d47697
001 1501433
005 20190807134237.0
008 880928s1988 is a b 001 0 eng
010 _a 88188874
020 _a9653590022 :
_c$11.95 (U.S.)
040 _aDLC
_cDLC
_dDLC
100 1 _aStern, David H.,
_d1935-
245 1 0 _aMessianic Jewish manifesto /
_cby David H. Stern.
260 _aJerusalem, Israel :
_bJewish New Testament Publications ;
_cc1988.
300 _a275 p. :
_bill. ;
_c21 cm.
336 _atext
337 _aunmediated
338 _avolume
504 _aIncludes bibliographical references and index.
650 0 _aJewish Christians.
650 0 _aJudaism.
650 0 _aJews.
906 _a7
_bcbc
_corignew
_d3
_encip
_f19
_gy-gencatlg
942 _2lcc
_cBK